| 000 -LEADER |
| fixed length control field |
01369nam a2200253Ia 4500 |
| 001 - CONTROL NUMBER |
| control field |
18072 |
| 003 - CONTROL NUMBER IDENTIFIER |
| control field |
GE_BSU |
| 008 - FIXED-LENGTH DATA ELEMENTS--GENERAL INFORMATION |
| fixed length control field |
181216s||||||||xx |||||||||||||| ||und|| |
| 040 ## - CATALOGING SOURCE |
| Transcribing agency |
GE_BSU |
| 080 ## - UNIVERSAL DECIMAL CLASSIFICATION NUMBER |
| Universal Decimal Classification number |
811.35'367.622 |
| 100 ## - MAIN ENTRY--PERSONAL NAME |
| Personal name |
ჩიქობავა, არნ. |
| 245 ## - TITLE STATEMENT |
| Title |
სახელის ფუძის უძველესი აგებულება ქართველურ ენებში |
| 245 ## - TITLE STATEMENT |
| Statement of responsibility, etc. |
რედ.ვ. თოფურია |
| 250 ## - EDITION STATEMENT |
| Edition statement |
საქ. სსრ მეცნ. აკად., ენის ინ-ტი აკად. ნ. მარის სახელობისა |
| 260 ## - PUBLICATION, DISTRIBUTION, ETC. |
| Place of publication, distribution, etc. |
თბილისი |
| 260 ## - PUBLICATION, DISTRIBUTION, ETC. |
| Name of publisher, distributor, etc. |
საქ. სსრ მეცნ. აკად. გამ-ბა |
| 260 ## - PUBLICATION, DISTRIBUTION, ETC. |
| Date of publication, distribution, etc. |
1942 |
| 300 ## - PHYSICAL DESCRIPTION |
| Extent |
344გვ. ; 22სმ |
| 300 ## - PHYSICAL DESCRIPTION |
| Accompanying material |
დანართი: საძიებლები, გვ. 299-342. - ბიბლიოგრ. შენიშვნებში. |
| 520 ## - SUMMARY, ETC. |
| Summary, etc. |
წინასიტყვ. და რეზ. ქართ., რუს. და ინგლ. ენ.. |
| 653 ## - INDEX TERM--UNCONTROLLED |
| Uncontrolled term |
სახელის ფუძის აგებულება ქართველურ ენებში |
| 653 ## - INDEX TERM--UNCONTROLLED |
| Uncontrolled term |
სახელის ფუძის უძველესი აგებულება ქართველურ ენებში |
| 942 ## - ADDED ENTRY ELEMENTS (KOHA) |
| Koha item type |
წიგნი |